000 00509nam a22001817a 4500
005 20251108172058.0
008 250721s9999 xx 000 0 ara d
082 1 4 _aط/ق/صاب
100 1 _aصابر، مجدي
245 1 0 _aلغز قصر الأسرار /
264 1 _aبيروت :
_bدار البحار للنشر،
_c[19-].
300 _a112ص
490 0 _aالمغامرون الأبطال ؛3
650 1 7 _aأدب الأطفال
650 1 7 _aالقصص
942 _2ddc
_cBK
999 _c69909
_d69909